5 Letter D Words (Photos) - Statistics

General Stats
  • This quiz has been taken 117 times
  • The average score is 17 of 20
Answer Stats
Picture Answer % Correct
Drink
99%
Dirty
98%
Drill
97%
Dress
96%
Dwarf
96%
Daisy
93%
Dance
92%
Drain
92%
Devil
89%
Diver
89%
Dozen
84%
Drake
83%
Death
80%
Drunk
79%
Dream
74%
Delta
71%
Dusty
71%
Dolly
70%
Daddy
63%
Digit
45%
No matching quizzes found
Score Distribution
Percent of People with Each Score
Percentile by Number Answered
Your Score History
You have not taken this quiz